Impuesto a las ganancias (Registro nro. 1898)

Detalles MARC
000 -LEADER
fixed length control field 01681 a2200217 4500
001 - CONTROL NUMBER
control field 29582
005 - DATE AND TIME OF LATEST TRANSACTION
control field 20260407155605.0
008 - FIXED-LENGTH DATA ELEMENTS--GENERAL INFORMATION
fixed length control field 260407a1979 arg spa d
003 - CONTROL NUMBER IDENTIFIER
control field AR-UNSa-BCEJYS
040 ## - CATALOGING SOURCE
Original cataloging agency AR-UNSa-BCEJYS
Language of cataloging spa
Transcribing agency AR-UNSa-BCEJYS
080 ## - UNIVERSAL DECIMAL CLASSIFICATION NUMBER
Universal Decimal Classification number 336.226.1
Common auxiliary subdivision Impuestos a las ganancias o los beneficios (Impuesto Diferido)
041 ## - LANGUAGE CODE
Language code of text/sound track or separate title spa
100 1# - MAIN ENTRY--PERSONAL NAME
Personal name Reig, Enrique Jorge
245 10 - TITLE STATEMENT
Title Impuesto a las ganancias
250 ## - EDITION STATEMENT
Edition statement 7a. ed
264 #1 - PRODUCTION, PUBLICATION, DISTRIBUTION, MANUFACTURE, AND COPYRIGHT NOTICE
Place of production, publication, distribution, manufacture Buenos Aires :
Name of producer, publisher, distributor, manufacturer Ediciones Contabilidad Moderna
Date of production, publication, distribution, manufacture, or copyright notice 1979
300 ## - PHYSICAL DESCRIPTION
Extent 2 v.
Dimensions 22 cm.
505 ## - FORMATTED CONTENTS NOTE
Formatted contents note Volumen 1: 1. Teoría general y antecedentes argentinos - 2.Objeto del impuesto - 3. Fuente argentina - 4. Clasificación y análisis de las rentas imponibles - 5. Sujeto del impuesto - 6. Deducciones personales y exenciones - 7. Contabilidad Fiscal - 8. Normas generales sobre determinación de la renta - 9. Determinación de la renta en la primera categoria - 10. Determinación de la renta en la segunda categoria - 11. Determinación de la renta en la tercera categoria. Aspectos generales - 12. Amortizaciones - 13.Valuación de las mercaderias en los inventarios - 14. Malos creditos - 15. Previsiones y reservas - 16. Diferencias de cambio por operaciones en moneda extranjera - Volumen 2 - 17. El ajuste por inflación - 18. Determinación dela renta en la cuarta categoria - 19. Incentivos a la inversión - 20. Explotaciones agropecuarias - 21. Operaciones inmobiliarias y construcciones - 22. Rentas de las sociedades de capital y de sus accionistas - 23. La reorganización de empresas - 24. Liquidación, ingresos y retención del impuesto<br/>
590 ## - LOCAL NOTE (RLIN)
Local note niveau_biblio:m niveau_hierar:0
942 ## - ADDED ENTRY ELEMENTS (KOHA)
Koha item type
Existencias
Withdrawn status Lost status Damaged status Not for loan Home library Current library Shelving location Date acquired Total checkouts Full call number Barcode Date last seen Price effective from Koha item type
        Biblioteca Prof. Eusebio Cleto del Rey Biblioteca Prof. Eusebio Cleto del Rey   07/04/2026   336.226.1 R361 v.1 7ed. L28552 07/04/2026 07/04/2026 Libro
        Biblioteca Prof. Eusebio Cleto del Rey Biblioteca Prof. Eusebio Cleto del Rey   07/04/2026   336.226.1 R361 v.1 7ed. L28553 07/04/2026 07/04/2026 Libro
        Biblioteca Prof. Eusebio Cleto del Rey Biblioteca Prof. Eusebio Cleto del Rey   07/04/2026   336.226.1 R361 v.1 7ed. L28554 07/04/2026 07/04/2026 Libro
        Biblioteca Prof. Eusebio Cleto del Rey Biblioteca Prof. Eusebio Cleto del Rey   07/04/2026   336.226.1 R361 v.2 7ed. L28555 07/04/2026 07/04/2026 Libro
        Biblioteca Prof. Eusebio Cleto del Rey Biblioteca Prof. Eusebio Cleto del Rey   07/04/2026   336.226.1 R361 v.2 7ed. L28557 07/04/2026 07/04/2026 Libro
        Biblioteca Prof. Eusebio Cleto del Rey Biblioteca Prof. Eusebio Cleto del Rey   07/04/2026   336.226.1 R361 v.2 7ed. L28556 07/04/2026 07/04/2026 Libro